Welcome to the Holygrace Academy Library

Please use search bar below to get started

NIZHAL MATHRAM SWANTHAM (Record no. 4769)

MARC details
000 -LEADER
fixed length control field 00292nam a22001337a 4500
082 ## - DEWEY DECIMAL CLASSIFICATION NUMBER
Classification number 894.812.3
Item number BAL/N
100 ## - MAIN ENTRY--AUTHOR NAME
Personal name BALACHANDRAN PILLA K
245 ## - TITLE STATEMENT
Title NIZHAL MATHRAM SWANTHAM
260 ## - PUBLICATION, DISTRIBUTION, ETC. (IMPRINT)
Place of publication KOLLAM
Name of publisher SAINDHAVA BOOKS
Year of publication 1998
300 ## - PHYSICAL DESCRIPTION
Number of Pages 112
520 ## - SUMMARY, ETC.
Summary, etc NOVEL
650 ## - SUBJECT ADDED ENTRY--TOPICAL TERM
Topical Term NOVEL
942 ## - ADDED ENTRY ELEMENTS (KOHA)
Koha item type Books
Holdings
Withdrawn status Lost status Collection code Home library Current library Shelving location Date acquired Source of acquisition Cost, normal purchase price Full call number Accession Number Koha item type
    Fiction Main Library Main Library SHELF-16- I- MALAYALAM NOVELS,FICTIONS 12/01/2005 Purchase 40.00 894.812.3 BAL/N 02009 Books